| 000 | 00535nam a2200121Ia 4500 | ||
|---|---|---|---|
| 008 | 220620s9999||||xx |||||||||||||| ||und|| | ||
| 100 | _aJorge Bañuelos-Prieto||Rebeca Sola Llano | ||
| 245 | 0 | _aBODIPY Dyes - A Privilege Molecular Scaffold with Tunable Properties | |
| 546 | _aEnglish[eng] | ||
| 650 | _aPhysical Sciences||Engineering and Technology||Chemistry||Organometallic Chemistry||Organic Chemistry | ||
| 856 | _uhttps://www.intechopen.com/books/bodipy-dyes-a-privilege-molecular-scaffold-with-tunable-properties | ||
| 942 | _cEB | ||
| 999 |
_c27569 _d27569 |
||